000
00270nam a22001217a 4500
008
180927b xxu||||| |||| 00| 0 eng d
041
_a
eng
080
_a
510
100
_a
36
101
_a
MAT
245
_a
Carpenters and builders library
_c
Ball,J.E
942
_2
udc
_c
BK
999
_c
48553
_d
48553